| 000 | 00823cam a2200253 a 4500 | ||
|---|---|---|---|
| 001 | 2578993 | ||
| 005 | 20141201144125.0 | ||
| 008 | 960327t1997 xxuadk frb 001 0 eng d | ||
| 010 | _a96017361 | ||
| 020 | _a0786310251 | ||
| 020 | _a978078631025 | ||
| 040 |
_aDLC _cDLC _dDLC _dEG-ScBUE |
||
| 082 | 0 | 0 |
_a332.645 _222 _bCHR |
| 100 | 1 |
_aChriss, Neil, _d1967- _936735 |
|
| 245 | 1 | 0 |
_aBlack-Scholes and beyond : _boption pricing models / _cNeil A. Chriss. |
| 260 |
_aNew York, United States : _bMcGraw-Hill, _cc.1997. |
||
| 300 |
_aviii, 496 p. : _bcharts, forms, tables ; _c24 cm. |
||
| 500 | _aIncludes indexes. | ||
| 504 | _aBibliography : p. 477-483. | ||
| 650 | 0 |
_aOptions (Finance) _xPrices _xMathematical models _936736 |
|
| 653 |
_bBUSADM _cDecember2014 |
||
| 655 |
_vreading book _934232 |
||
| 942 |
_2ddc _k332.645 CHR |
||
| 999 |
_c18695 _d18667 |
||